|
|
|
|
| LEADER |
01248nam a2200337 4500 |
| 001 |
DLU120132808 |
| 005 |
##20120319 |
| 040 |
# |
# |
|a DLU
|b vie
|
| 041 |
# |
# |
|a vie
|b eng
|
| 044 |
# |
# |
|a vn
|
| 082 |
# |
# |
|a 390.095 97
|b VO-H
|
| 100 |
# |
# |
|a Võ Thành Hùng.
|
| 245 |
# |
# |
|a Nghi lễ vòng đời người Khmer tỉnh Sóc Trăng /
|c Võ Thành Hùng.
|
| 260 |
# |
# |
|a H. :
|b Văn hoá dân tộc,
|c 2010.
|
| 300 |
# |
# |
|a 431 tr. ;
|c 21 cm.
|
| 504 |
# |
# |
|a Tài liệu tham khảo: tr. 401-428.
|
| 505 |
# |
# |
|a Chương 1. Những vấn đề chung -- Chương 2. Nghi lễ vòng đời của người Khmer tỉnh Sóc Trăng -- Chương 3. Nghi lễ vòng đời người Khmer tỉnh Sóc Trăng nhìn từ góc độ văn hoá.
|
| 546 |
# |
# |
|a Tài liệu viết bằng tiếng Việt, tóm tắt bằng tiếng Anh.
|
| 650 |
# |
# |
|a Khmer (Dân tộc Đông Nam Á)
|z Việt Nam
|z Sóc Trăng
|x Đời sống xã hội và tập quán.
|
| 650 |
# |
# |
|a Tộc người thiểu số
|x Đời sống xã hội và tập quán.
|
| 923 |
# |
# |
|a 02/2012
|
| 991 |
# |
# |
|a SH
|
| 992 |
# |
# |
|a 17240
|
| 994 |
# |
# |
|a DLU
|
| 900 |
# |
# |
|a True
|
| 911 |
# |
# |
|a Nguyễn Thanh Hương
|
| 925 |
# |
# |
|a G
|
| 926 |
# |
# |
|a A
|
| 927 |
# |
# |
|a SH
|
| 980 |
# |
# |
|a Thư viện Trường Đại học Đà Lạt
|